7 Perso - 1 Pts Commun - Harry Potter #4 - Statistiques

Statistiques générales
  • Ce quiz a été pris 727 fois
  • Le résultat moyen est 4 sur 7
Statistiques - réponses
Personnages % Correct
Harry Potter
94%
Hermione Granger
92%
Ronald Weasley
81%
Fred Weasley
56%
George Wealsey
55%
Mondingus Fletcher
28%
Les 7 Potter
20%
Aucun quiz correspondant
Distribution des résultats
% des personnes avec chaque résultat
Percentile par nombre de réponses
Votre historique - résultats
Vous n’avez pas pris ce quiz